1676 1784 1459 1768 1215 1710 1328 1528 1489 1429 1770 1632 1656 1713 1111 1298 1164 1136 1733 1403 1310 1397 1071 1504 1302 1361 1940 1609 1369 1818 1758 1268 1197 1544 1308 1878 1060 1256 1199 1691 1694 1574 1045 1228 1505 1896 1162 1184 1567 1289 1676 1494 1442 1867 1511 1143 1611 1839 1900 1071 1112 1668 1130 1634 1580 1573 1090 1992 1817 1174 1416 1534 1035 1684 1439 1341 1722 1827 1860 1549 1384 1695 1189 1007 1544 1334 1500 1987 1240 1472 1426 1230 1822 2000 1517 1120 1672 1374 1501 BCNSPRNW ULIB Ver.6.0+V

เปลี่ยนเป็นภาษาไทย

Change to English
 แสดงรายละเอียดบรรณานุกรม
  กลับหน้าหลัก

Brief Record : Get Marc (ISO 2709) : E-mail record : QR code < ปิดหน้าต่าง
LEADER : 00000nam 2200000uu 4500
001    13399124780
003     ULIB
008    160323s2015||||th 000 0 eng d
020    ^a9781451192711
020    ^a1451192711
060 04 ^aWY100^bL989t
100 1  ^aLynn, Pamela Barbara
245 10 ^aTaylor s clinical nursing skills :^ba nursing processapproach /^cPamela Lynn.
246 13 ^aClinical nursing skills.
250    ^a4th ed.
260    ^aPhiladelphia :^bWolters Kluwer/Lippincott Williams &Wilkins Health,^c2015.
300    ^axx, 1116 p. :^bcol. ill. ;^c28 cm.
504    ^aIncludes bibliographical references and index.
650  2 ^aNursing.
650  2 ^aNursing Process.
650  2 ^aNursing Care^xmethods.
700 1  ^aTaylor, Carol.
945    ^p2800^l0^i000329
999    ^aเกษร โพธิ์สุวรรณ
รายการนี้ยังไม่มีแท็ก
คุณยังไม่ได้ล็อกอิน คุณสามารถมีกิจกรรมร่วมกับเว็บไซต์ได้ แต่ต้องล็อกอินก่อน ::
  ล็อกอิน

รายการสื่อสารสนเทศ

ลำดับที่ ประเภท เลขเรียก/บาร์โค้ด สถานที่ สถานะ
1. Book การพยาบาล
Book การพยาบาล
WY100 L989t ฉ.1 
  Barcode: 000329
ห้องสมุดวิทยาเขตสวรรค์ประชารักษ์
►หนังสือทั่วไป
ถูกยืม กำหนดส่งวันที่ 30 มิถุนายน 2568
  จอง

รายการใกล้เคียง
    หัวเรื่อง [Nursing.]
    หัวเรื่อง [Nursing Process.]

BibComment


ยังไม่เคยถูกคอมเมนท์

คอมเมนท์ทรัพยากรรายการนี้
  คอมเมนท์: Taylor s clinica..


 Copyright 2026. Bcnsprnw @Library